| 000 | 00765nam a2200205Ia 4500 | ||
|---|---|---|---|
| 003 | GCL | ||
| 008 | 140319s9999 xx 000 0 ara d | ||
| 020 | _a6085819957 | ||
| 040 |
_aGCL / _cGCL |
||
| 082 | 0 | 4 |
_a004.678 _bم ت |
| 100 | 1 | _aمحمود عبدالرحيم الشريفات | |
| 245 | 1 | 0 |
_aالتراضى فى التعاقد عبر الانترنت : _bدراسة مقارنة / _cمحمود عبدالرحيم الشريفات |
| 260 |
_aالاردن : _bدار الحامد للنشر والتوزيع ، _c2005 |
||
| 300 |
_a239 ص ؛ _c24 سم |
||
| 650 | 0 | 4 | _aالتجارة الخارجية |
| 650 | 0 | 4 | _aالإنترنت |
| 650 | 0 | 4 | _aالتجارة الالكترونية |
| 650 | 0 | 4 | _aالإنترنت - اقتصاديات |
| 942 |
_2ddc _cBK |
||
| 999 |
_c8519 _d8519 |
||